00643 2200193 4500001002100000005001500021035002000036007000300056008003900059082001000098084001600108100003100124245013500155260008000290300004500370650001100415650001000426022001300436INLIS00000000000095020240909091700 a0010-0924000028ta240909 | | |  a635.6 a635.6 MÁR0 aMário Viana Paredes Filho1 aPhonolite associated with organic compound and potassium solubilizing bacteria in tomato cultivation /cMário Viana Paredes Filho aBrazil, Vicosa :bUniversidade Federal de Viçosa-UFV, Revista Ceres,c2023 a133-141 hlm, :bilus, ;c21 cm X 29,5 cm 4aJurnal 4aTomat a21773491